| 000 | 01424pam a2200325 a 4500 | ||
|---|---|---|---|
| 001 | 3960029 | ||
| 003 | ARRUPE | ||
| 005 | 20141107110816.0 | ||
| 008 | 940505r19941911nbua s000 0 eng | ||
| 010 | _a 94018220 | ||
| 020 |
_a0803279507 (alk. paper) : _c$12. 95 |
||
| 040 |
_aDLC _cDLC _dDLC |
||
| 043 | _an-us--- | ||
| 050 | 0 | 0 |
_aE457.15 _b.L225 1994 |
| 082 | 0 | 0 |
_a973.7/092 _aB _220 |
| 100 | 1 |
_aLamon, Ward Hill, _d1828-1893. _912460 |
|
| 245 | 1 | 0 |
_aRecollections of Abraham Lincoln / _cby Ward Hill Lamon ; edited by Dorothy Lamon Teillard ; introduction to the Bison book edition by James A. Rawley. |
| 250 | _aBison book ed. | ||
| 260 |
_aLincoln : _bUniversity of Nebraska Press, _cc1994. |
||
| 300 |
_axliv, 337 p. : _bill. ; _c21 cm. |
||
| 500 | _aPreviously published: 2nd ed. Chicago : McClurg, 1911. | ||
| 600 | 1 | 0 |
_aLincoln, Abraham, _d1809-1865 _xFriends and associates. _912461 |
| 600 | 1 | 0 |
_aLamon, Ward Hill, _d1828-1893. _912462 |
| 700 | 1 |
_aTeillard, Dorothy Lamon. _912463 |
|
| 856 | 4 | 2 |
_3Contributor biographical information _uhttp://www.loc.gov/catdir/enhancements/fy0728/94018220-b.html |
| 856 | 4 | 2 |
_3Publisher description _uhttp://www.loc.gov/catdir/enhancements/fy0728/94018220-d.html |
| 906 |
_a7 _bcbc _corignew _d1 _eocip _f19 _gy-gencatlg |
||
| 942 |
_2lcc _cMONOGRAPH |
||
| 999 |
_c121193 _d121193 |
||